000 00302nam a2200109Ia 4500
005 20251222152010.0
008 251222s9999||||xx |||||||||||||| ||spa||
082 _a333.7/C76
245 0 _aConferencia de las Naciones Unidas sobre el Medio ambiente y el Desarrollo 1992
264 _bCNUMAD
942 _cLIB
999 _c24863
_d24863